00646nam a2200193 a 45000010005000000030009000050080041000140200015000550400028000700820018000981000055001162450021001712600062001923000010002544900083002645000030003476500051003776500024004289984CO-ViMGA141112s2004 ck r 000 u spa d a9586431118 aCO-ViMGAbspacCO-ViMGA04a923.586 N17al1 aNariño ; Nariño, Hernandez de Alba Guillermo, 10aArchivo Nariño aSantafé de Bogotá : bBanco de la República, c1990 a368p. aBiblioteca de la presidencia de la República Administración Virgilio Barco aTomo I, II, III, IV, V. 14aCOLOMBIA - GUERRA DE INDEPENDENCIA 1809 - 181914aCOLOMBIA - HISTORIA